| 000 | 00582nam a2200217Ia 4500 | ||
|---|---|---|---|
| 003 | 0100 | ||
| 005 | 20161215085554.0 | ||
| 008 | 130303s9999 xx 000 0 und d | ||
| 020 | _a0385029950 | ||
| 040 | _cARRUPELIB | ||
| 050 | _aREF. BS192.2.A1G3 1964 | ||
| 245 | _aTo the Hebrews | ||
| 260 | _aNew York | ||
| 260 | _bDoubleday & Co. | ||
| 300 | _axxx | ||
| 300 | _b 282p. 25cm. | ||
| 440 |
_aThe anchor bible series ; v. 36 _928088 |
||
| 650 |
_aBible N.T. Hebrews _xCommentaries _928089 |
||
| 700 |
_aBuchanan, George Wesley (tr.) _928090 |
||
| 942 |
_2lcc _cMONOGRAPH |
||
| 999 |
_c32194 _d32194 |
||